000 00633nam a22002057a 4500
003 OSt
005 20251029055117.0
008 251029b |||||||| |||| 00| 0 eng d
020 _a97885-58049
040 _aDWCL-Main lib
_cOC
082 _aFil. 515.15 P485c 1960
100 _aPeterson, Thurman S.
245 _aCalculus with analytic geometry/
_cThurman S. Peterson
260 _aQuezon City:
_bKenInc.,
_cc1960
300 _a xii, 586 pages :
_b illustrations ;
_c22cm.
504 _aIncludes bibliographical references
650 _a1. Calculus
650 _a2. Geometry, analytic
942 _2ddc
_cBK - FIL
_kFil.
_n0
999 _c5297
_d5297